<?xml version="1.0" encoding="UTF-8"?><?xml-stylesheet type="text/xsl" href="static/style.xsl"?><OAI-PMH xmlns="http://www.openarchives.org/OAI/2.0/" xmlns:xsi="http://www.w3.org/2001/XMLSchema-instance" xsi:schemaLocation="http://www.openarchives.org/OAI/2.0/ http://www.openarchives.org/OAI/2.0/OAI-PMH.xsd"><responseDate>2026-06-01T06:11:19Z</responseDate><request verb="GetRecord" identifier="oai:riuma.uma.es:10630/23038" metadataPrefix="marc">https://riuma.uma.es/rest/oai/request</request><GetRecord><record><header><identifier>oai:riuma.uma.es:10630/23038</identifier><datestamp>2026-02-03T12:00:28Z</datestamp><setSpec>com_10630_2254</setSpec><setSpec>col_10630_37959</setSpec></header><metadata><record xmlns="http://www.loc.gov/MARC21/slim" xmlns:dcterms="http://purl.org/dc/terms/" xmlns:doc="http://www.lyncode.com/xoai" xmlns:xsi="http://www.w3.org/2001/XMLSchema-instance" xsi:schemaLocation="http://www.loc.gov/MARC21/slim http://www.loc.gov/standards/marcxml/schema/MARC21slim.xsd">
   <leader>00925njm 22002777a 4500</leader>
   <datafield ind2=" " ind1=" " tag="042">
      <subfield code="a">dc</subfield>
   </datafield>
   <datafield ind2=" " ind1=" " tag="720">
      <subfield code="a">Chamizo-Nieto, Francisco José</subfield>
      <subfield code="e">author</subfield>
   </datafield>
   <datafield ind2=" " ind1=" " tag="720">
      <subfield code="a">Nebot-Gómez-de-Salazar, Nuria</subfield>
      <subfield code="e">author</subfield>
   </datafield>
   <datafield ind2=" " ind1=" " tag="720">
      <subfield code="a">Rosa-Jiménez, Carlos</subfield>
      <subfield code="e">author</subfield>
   </datafield>
   <datafield ind2=" " ind1=" " tag="720">
      <subfield code="a">Reyes-Corredera, Sergio Jesús</subfield>
      <subfield code="e">author</subfield>
   </datafield>
   <datafield ind2=" " ind1=" " tag="260">
      <subfield code="c">2021-09-15</subfield>
   </datafield>
   <datafield ind2=" " ind1=" " tag="520">
      <subfield code="a">The present work aims to define spatial correlations between indicators based on&#xd;
tourism variables which are quantitative and qualitative in nature. The main objective is&#xd;
to identify neighbourhoods where there is a conflict of interest between residents,&#xd;
tourists, hosts, catering sector and other stakeholders involved because of urban&#xd;
tourism. The methodology proposed is based on static and dynamic variables –&#xd;
population, short-term rentals, regulated tourist accommodations, catering facilities,&#xd;
cultural equipment and citizen initiatives– to measure the degree of overtourism.&#xd;
Research instruments are web scraping, open access data from local and regional&#xd;
governments, and most read local newspapers to create a database through Geographic&#xd;
Information System (GIS). Data collection has been analysed on a case-by-case basis&#xd;
with SPSS statistical treatment programme. These methods have been tested in three&#xd;
port cities from the Mediterranean arc: Malaga, Valencia and Palma de Mallorca; where&#xd;
average population is over half a million inhabitants. The key finding is the spatial&#xd;
correlations between indicators which show common patterns in the urban areas&#xd;
analysed by GIS mapping. On that basis, touristification thresholds have been&#xd;
established in order to measure "tourism gentrification" (Gotham, 2005) in-depth. The&#xd;
diagnosis presented may serve as a road map for local and regional administration to&#xd;
struggle with touristification through urban policy in the short- and medium-term.&#xd;
Furthermore, this work is open to new research considering new variables or redefining&#xd;
the existing ones, as well as new tourist destinations as case studies in order to build a&#xd;
comprehensive model which allows qualifying the scopes defined.</subfield>
   </datafield>
   <datafield ind1="8" ind2=" " tag="024">
      <subfield code="a">https://hdl.handle.net/10630/23038</subfield>
   </datafield>
   <datafield tag="653" ind2=" " ind1=" ">
      <subfield code="a">Turismo urbano</subfield>
   </datafield>
   <datafield ind2="0" ind1="0" tag="245">
      <subfield code="a">Spatial correlations between tourism indicators to identify neighbourhoods under touristification processes. Mediterranean port  cities as case studies</subfield>
   </datafield>
</record>
</metadata></record></GetRecord></OAI-PMH>